Pathology for the physical therapist assistant / (Record no. 122178)

MARC details
000 -LEADER
fixed length control field 01093cam a2200301 i 4500
003 - CONTROL NUMBER IDENTIFIER
control field OSt
005 - DATE AND TIME OF LATEST TRANSACTION
control field 20250512095621.0
008 - FIXED-LENGTH DATA ELEMENTS--GENERAL INFORMATION
fixed length control field
020 ## - INTERNATIONAL STANDARD BOOK NUMBER
International Standard Book Number 9780323395496 (paperback)
040 ## - CATALOGING SOURCE
Original cataloging agency NUST
Transcribing agency NUST
Language of cataloging eng
Modifying agency NUST
Description conventions rda
050 ## - LIBRARY OF CONGRESS CALL NUMBER
Classification number RB113.L47 GOO
100 1# - MAIN ENTRY--PERSONAL NAME
Personal name Goodman, Catherine Cavallaro
Relator term Author
245 10 - TITLE STATEMENT
Title Pathology for the physical therapist assistant /
Statement of responsibility, etc. Catherine Cavallaro Goodman and Kenda S Fuller ; edited by Charlene Marshall.
250 ## - EDITION STATEMENT
Edition statement Second edition.
260 ## - PUBLICATION, DISTRIBUTION, ETC.
Place of publication, distribution, etc. St. Louis, Missouri :
Name of publisher, distributor, etc. Elsevier,
Date of publication, distribution, etc. 2017.
300 ## - PHYSICAL DESCRIPTION
Extent xi, 814 pages :
Other physical details Illustrations ;
Dimensions 28 cm.
336 ## - CONTENT TYPE
Content type term text
Content type code txt
Source rdacontent
337 ## - MEDIA TYPE
Media type term unmediated
Media type code n
Source rdamedia
338 ## - CARRIER TYPE
Carrier type term volume
Carrier type code nc
Source rdacarrier
504 ## - BIBLIOGRAPHY, ETC. NOTE
Bibliography, etc. note Includes index.
650 #0 - SUBJECT ADDED ENTRY--TOPICAL TERM
Form subdivision Physiology, Pathological.
650 #0 - SUBJECT ADDED ENTRY--TOPICAL TERM
Form subdivision Physical therapy assistants.
650 #0 - SUBJECT ADDED ENTRY--TOPICAL TERM
Form subdivision Pathology.
650 #0 - SUBJECT ADDED ENTRY--TOPICAL TERM
Form subdivision Physical Therapy Modalities.
700 ## - ADDED ENTRY--PERSONAL NAME
Personal name Fuller, Kenda S
Relator term Author
700 ## - ADDED ENTRY--PERSONAL NAME
Personal name Marshall, Charlene
Relator term Editor
942 ## - ADDED ENTRY ELEMENTS (KOHA)
Koha item type Ordinary Loan Books
Call number prefix RB
Call number suffix GOO
Source of classification or shelving scheme Library of Congress Classification
Edition Second edition.
Classification part RB113.L47 GOO
Suppress in OPAC No
Holdings
Withdrawn status Lost status Source of classification or shelving scheme Damaged status Not for loan Collection Home library Current library Shelving location Date acquired Cost, normal purchase price Total Checkouts Full call number Barcode Date last seen Cost, replacement price Price effective from Koha item type Source of acquisition Accession number Public note
    LCC     NFIC Medical Medical GEN 01/20/2023 80.00   RB113.L47 GOO 92004052628 01/20/2023 80.00 01/20/2023 BOOKS      
    LCC     NFIC Medical Medical GEN 05/12/2025 46.00   RB113.L47 GOO 92004056214 05/12/2025 46.00 05/12/2025 BOOKS Book Aid International 63043 Donation